| LEADER 00000nam 2200000uu 4500 |
| 001 13399112411 |
| 003 ULIBM |
| 008 260409s2568||||th 000 0 tha d |
| 020 ^aa9786161634971 |
| 082 0 ^aWY101^bส747อ 2568 ล.2 |
| 110 2 ^aมหาวิทยาลัยสุโขทัยธรรมาธิราช^bสาขาวิชาพยาบาลศาสตร์ |
| 245 ^ ^aเอกสารการสอนชุดวิชามโนมติทฤษฎีการพยาบาลและกระบวนการพยาบาล หน่วยที่ 9-15 =^bConcept, nursing theory and nursing process /^cมหาวิทยาลัยสุโขทัยธรรมาธิราช. สาขาวิชาพยาบาลศาสตร์ |
| 246 3 ^aมโนมติทฤษฎีการพยาบาลและกระบวนการพยาบาล 1 |
| 246 3 ^aConcept, nursing theory and nursing process 1 |
| 250 ^aพิมพ์ครั้งที่ 1 |
| 260 ^aนนทบุรี : ^bสำนักพิมพ์มหาวิทยาลัยสุโขทัยธรรมาธิราช, ^c2568. |
| 300 ^aเล่ม 2 ; ^c26 ซม. |
| 505 2 ^aสารบัญ : หน่วยที่ 9 ความปลอดภัยในการบริการพยาบาล--หน่วยที่ 10 การพยาบาลตามพัฒนาการของชีวิต --หน่วยที่ 11 การพยาบาลบุคคล --หน่วยที่ 12 การพยาบาลครอบครัว --หน่วยที่ 13 การพยาบาลในชุมชน --หน่วยที่ 14 การพยาบาลข้ามวัฒนธรรม --หน่วยที่ 15 ผลลัพธ์ทางด้านสุขภาพและผลลัพธ์ทางการพยาบาล |
| 650 4 ^aการพยาบาล |
| 650 4 ^aการพยาบาลครอบครัว |
| 999 ^aกงใจ ไชยทองดี |